| 000 | 01568cam a2200133 4500500 | ||
|---|---|---|---|
| 005 | 20251214005215.0 | ||
| 041 | _afre | ||
| 042 | _adc | ||
| 100 | 1 | 0 |
_aGalland, Olivier _eauthor |
| 245 | 0 | 0 | _aLes jeunes Français ont-ils raison d'avoir peur ? |
| 260 |
_bArmand Colin,
_c2009. |
||
| 520 | _aParmi tous les facteurs de préoccupation qui nous assaillent (crise mondiale, risque environnemental, etc.), il en est un qui ne doit pas passer inaperçu et devrait même retenir prioritairement l’attention: la jeunesse française témoigne d’un pessimisme, d’un manque de confiance en l’avenir et d’une résignation qui tranchent complètement sur ce que l’on constate ailleurs.À qui la faute ? Comment a-t-on pu en arriver là ? Dans notre «modèle» français tant vanté, qu’est-ce qui parvient ainsi à casser la jeunesse ? Comment les choses se combinent-elles, entre crise globale et ratés spécifiques du système éducatif, entre, ici, «jeunisme» démagogique et, là, passéisme profond ? Pourquoi les jeunes eux-mêmes pensent-ils et agissent-ils, si souvent, au rebours de leurs intérêts réels ?Olivier Galland nous offre une analyse à la fois équilibrée, nuancée et parfaitement décapante de ce marasme national, et définit des pistes concrètes novatrices pour rouvrir à la jeunesse, et donc au pays lui-même, la voie de l’avenir. | ||
| 856 | 4 | 1 | _uhttps://shs.cairn.info/les-jeunes-francais-ont-ils-raison-davoir-peur--9782200242664?lang=fr&redirect-ssocas=7080 |
| 999 |
_c1568710 _d1568710 |
||